Používanie e-kasy v roku 2022

Každý podnikateľ, ktorý predáva tovar alebo poskytuje službu uvedenú v prílohe zákona je povinný evidovať tržbu v systéme e-kasa prostredníctvom pokladnice e-kasa klient bez zbytočného odkladu po jej prijatí. Postup v prípade poskytnutia preddavku (zálohy) alebo pri úhrade pohľadávky. Evidencia tržb...

Ausführliche Beschreibung

Gespeichert in:
Bibliographische Detailangaben
1. Verfasser: Boráková, Marta
Format: Buchkapitel
Sprache:Slowakisch
Schlagworte:
Tags: Tag hinzufügen
Keine Tags, Fügen Sie das erste Tag hinzu!

MARC

LEADER 00000naa a2200000 4500
001 0282025
005 20240417075154.3
041 0 |a slo 
044 |a SK 
245 1 0 |a Používanie e-kasy v roku 2022  |c Marta Boráková 
520 |a Každý podnikateľ, ktorý predáva tovar alebo poskytuje službu uvedenú v prílohe zákona je povinný evidovať tržbu v systéme e-kasa prostredníctvom pokladnice e-kasa klient bez zbytočného odkladu po jej prijatí. Postup v prípade poskytnutia preddavku (zálohy) alebo pri úhrade pohľadávky. Evidencia tržby v hotovosti v čase núdzového stavu v nadväznosti na zákon o obmedzení platieb v hotovosti. 
610 2 0 |a podnikatelia 
610 2 0 |a pokladnice registračné 
610 2 0 |a vklady 
610 2 0 |a tržby 
610 2 0 |a hotovosť 
610 2 0 |a preddavky 
610 2 0 |a pohľadávky 
610 2 0 |a legislatíva 
100 1 |a Boráková, Marta